00871nam a22002177a 4500003000900000008004100009020001800050040007100068082001600139245013500155260005000290300004000340500002900380650002400409650002200433650001500455650002100470700003400491700003800525710009000563AR-CdUCM190409b ||||| |||| 00| 0 spa d a9786124150432 aMUNICIPALIDAD PROVINCIAL DEL CUSCOcBIBLIOTECA MUNICIPAL DEL CUSCO a324.98/ObO aOrganismos electorales y calidad de la democracia en América Latina /ceditores, Mikel Barreda Diez, Leticia M. Ruiz Rodríguez aLima :bJurado Nacional de Elecciones,c2014. a200 páginas. :bdiagrs. ;c24 cm. zIncluye bibliografías. aDemocracia y Estado aSistema electoral aElecciones aAmérica Latina aBarreda Díez, Mikeleeditor aRuiz Rodríguez, Leticiaeeditor aJurado Nacional de EleccionesbEscuela Electoral y de Gobernabilidadtentidad editora